Statistics for Cities by Country Map Quiz: English Countries

Click here to take the quiz!

General Stats

  • This quiz has been taken 521 times
    (510 since last reset)
  • The average score is 4 of 6

Answers on the Map

Answers color-coded by a green-red scale on the quiz's map according to % correct below.
 

Answer Stats

Answer% Correct
Chesterfield
79%
Jackson
76%
Victoria
70%
St. Ann's Bay
61%
Nelson
59%
Albany
38%

Score Distribution

Percentile by Number Answered

Percent of People with Each Score

Your Score History

You have not taken this quiz since the last reset